Statistics for Who Did That 1990s Song #3

Click here to take the quiz!

General Stats

  • This quiz has been taken 72 times
  • The average score is 14 of 24

Answer Stats

Year Song Musical act % Correct
1991Black or WhiteMichael Jackson
93%
1999CalifornicationRed Hot Chili Peppers
90%
1998I don't wanna miss a thingAerosmith
87%
1996WannabeSpice Girls
82%
1997Barbie GirlAqua
78%
1994ZombieThe Cranberries
77%
1999I want it that wayBackstreet Boys
75%
1990ThunderstruckACDC
73%
1991November RainGuns N'Roses
70%
1994Basket CaseGreen Day
70%
1997Song 2Blur
63%
1999Mambo No. 5Lou Bega
62%
1995Don't look back in angerOasis
55%
1993Are you gonna go my wayLenny Kravitz
55%
1997TornNatalie Imbruglia
52%
1999What's my age again?Blink-182
52%
1997Paranoid AndroidRadiohead
50%
1991Killing in the nameRage Against the Machine
48%
1998La Copa de la VidaRicky Martin
45%
1993What is loveHaddaway
40%
1999Blue (Da Ba Dee)Eiffel 65
38%
1997Freed from desireGala
17%
1993SoberTool
17%
1995AlrightSupergrass
13%

Score Distribution

Percentile by Number Answered

Percent of People with Each Score

Your Score History

You have not taken this quiz